Google Maps Cities - Texas - Statistics

General Stats
  • This quiz has been taken 59 times
  • The average score is 10 of 13
Answer Stats
City % Correct
Dallas
98%
Austin
96%
Houston
96%
Fort Worth
88%
San Antonio
88%
Amarillo
83%
Corpus Christi
81%
Lubbock
81%
Odessa
65%
Abilene
63%
Midland
58%
Galveston
44%
Uvalde
15%
No matching quizzes found
Score Distribution
Percent of People with Each Score
Percentile by Number Answered
Your Score History
You have not taken this quiz